Models in microeconomic theory
| Titel: | Models in microeconomic theory / Martin J. Osborne and Ariel Rubinstein |
|---|---|
| Verfasser: | ; |
| Ausgabe: | 'He' edition. |
| Veröffentlicht: | Cambridge : Open Book Publishers, 2020 |
| Umfang: | 1 Online-Ressource (362 Seiten) |
| Format: | E-Book |
| Sprache: | Englisch |
| RVK-Notation: | |
| ISBN: | 9781783749225 ; 9781783749201 ; 9781783749218 |
| Hinweise zum Inhalt: |
Cover
|
alg: 48087682 001A $06055:30-06-21 001B $06055:14-03-26 $t21:09:08.000 001D $06055:30-06-21 001U $0utf8 001X $00 002@ $0Oax 002C $aText $btxt $2rdacontent 002D $aComputermedien $bc $2rdamedia 002E $aOnline-Ressource $bcr $2rdacarrier 003@ $0480876827 004A $A978-1-78374-922-5 $f(pdf) 004O $A978-1-78374-920-1 $Sp $f(pbk.) 004O $A978-1-78374-921-8 $Sp $f(hbk.) 006C $01155128079 $aOCoLC 007A $0480876827 $aHEB 007I $0OBP-10.11647/OBP.0204 009P $3Cover $uhttps://cdn.openbookpublishers.com/covers/10.11647/obp.0204.jpg 009Q $S0 $uhttps://doi.org/10.11647/OBP.0204 $xR 010@ $aeng 011@ $a2020 017B $aZDB-294-OBPA 021A $aModels in microeconomic theory $hMartin J. Osborne and Ariel Rubinstein 028A $aOsborne $BVerfasser $dMartin J. $4aut 028C $aRubinstein $BVerfasser $dAriel $4aut 032@ $a'He' edition. 033A $pCambridge $nOpen Book Publishers 033E $pCambridge, UK $nOpen Book Publishers 034D $a1 Online-Ressource (362 Seiten) 037A $a"This book is available in two versions, one that uses feminine pronouns and one that uses masculine pronouns. This version uses masculine"--Back of title-page 037A $aA solution manual for "Models in microeconomic theory" is available to instructors. Please go to Additional Resources tab on publisher's website to request an electronic copy 037A $aIncludes bibliography (pages 326-333) and index 037J $aOpen Access $qDE-30 $2star $uhttps://purl.org/coar/access_right/c_abf2 $fUnrestricted online access 044A $aGame theory $S#0 $N650 044A $aMicroeconomics $S#0 $N650 044K $RWirtschaftstheorie $RVolkswirtschaftslehre $#Microeconomics $#Microéconomie $#Microeconomía $#Mikroökonomik $#Mikroökonomie $#Mikroökonomie $#Mikroökonomik $D20251120 $Ecgmnf $74039225-9 $8Mikroökonomie [Ts1] $9085106909 044K $RPraxis $#Theory (Philosophy) $#Théorie (philosophie) $#Theorie $#Theorie $D20251120 $Ecgmnf $74059787-8 $8Theorie [Tsz] $9085166316 045Z $D20251120 $Ecgmnf $8QC 100 [Tkv] $9411124374 047I $a"Models in Microeconomic Theory covers basic models in current microeconomic theory. Part I (Chapters 1-7) presents models of an economic agent, discussing abstract models of preferences, choice, and decision making under uncertainty, before turning to models of the consumer, the producer, and monopoly. Part II (Chapters 8-14) introduces the concept of equilibrium, beginning, unconventionally, with the models of the jungle and an economy with indivisible goods, and continuing with models of an exchange economy, equilibrium with rational expectations, and an economy with asymmetric information. Part III (Chapters 15-16) provides an introduction to game theory, covering strategic and extensive games and the concepts of Nash equilibrium and subgame perfect equilibrium. Part IV (Chapters 17-20) gives a taste of the topics of mechanism design, matching, the axiomatic analysis of economic systems, and social choice. The book focuses on the concepts of model and equilibrium. It states models and results precisely, and provides proofs for all results. It uses only elementary mathematics (with almost no calculus), although many of the proofs involve sustained logical arguments. It includes about 150 exercises. With its formal but accessible style, this textbook is designed for undergraduate students of microeconomics at intermediate and advanced levels."."--Publisher's website. lok: 48087682 3 101B $010-01-24 $t16:00:43.000 101C $010-01-24 101U $0utf8 145S/01 $a008 exp: 48087682 3 1 #EPN 201B/01 $003-10-24 $t02:18:07.612 201C/01 $030-06-21 201U/01 $0utf8 203@/01 $0115986893X 208@/01 $a30-06-21 $bl 209S/01 $S0 $uhttps://doi.org/10.11647/OBP.0204 $XR lok: 48087682 5 exp: 48087682 5 1 #EPN 201B/01 $003-10-24 $t02:18:07.616 201C/01 $011-02-22 201U/01 $0utf8 203@/01 $01182364349 208@/01 $a11-02-22 $bl 209S/01 $S0 $uhttps://doi.org/10.11647/OBP.0204 $XR lok: 48087682 8 exp: 48087682 8 1 #EPN 201B/01 $003-10-24 $t02:18:07.619 201C/01 $030-06-21 201U/01 $0utf8 203@/01 $01159868948 208@/01 $a30-06-21 $bl 209S/01 $S0 $uhttps://doi.org/10.11647/OBP.0204 $XR lok: 48087682 10 exp: 48087682 10 1 #EPN 201B/01 $003-10-24 $t02:18:07.622 201C/01 $030-06-21 201U/01 $0utf8 203@/01 $01159868956 208@/01 $a30-06-21 $bl 209S/01 $S0 $uhttps://doi.org/10.11647/OBP.0204 $XR lok: 48087682 21 exp: 48087682 21 1 #EPN 201B/01 $003-10-24 $t02:18:07.670 201C/01 $030-06-21 201U/01 $0utf8 203@/01 $01159868972 208@/01 $a30-06-21 $bl 209S/01 $S0 $uhttps://doi.org/10.11647/OBP.0204 $XR lok: 48087682 23 exp: 48087682 23 1 #EPN 201B/01 $003-10-24 $t02:18:07.673 201C/01 $030-06-21 201U/01 $0utf8 203@/01 $01159868980 208@/01 $a30-06-21 $bl 209S/01 $S0 $uhttps://doi.org/10.11647/OBP.0204 $XR lok: 48087682 25 exp: 48087682 25 1 #EPN 201B/01 $003-10-24 $t02:18:07.678 201C/01 $030-06-21 201U/01 $0utf8 203@/01 $01159868999 208@/01 $a30-06-21 $bl 209S/01 $S0 $uhttps://doi.org/10.11647/OBP.0204 $XR lok: 48087682 204 exp: 48087682 204 1 #EPN 201B/01 $003-10-24 $t02:18:07.682 201C/01 $030-06-21 201U/01 $0utf8 203@/01 $01159869006 208@/01 $a30-06-21 $bl 209S/01 $S0 $uhttps://doi.org/10.11647/OBP.0204 $XR lok: 48087682 205 exp: 48087682 205 1 #EPN 201B/01 $003-10-24 $t02:18:07.685 201C/01 $030-06-21 201U/01 $0utf8 203@/01 $01159869014 208@/01 $a30-06-21 $bl 209S/01 $S0 $uhttps://doi.org/10.11647/OBP.0204 $XR
| LEADER | 00000cam a22000002c 4500 | ||
|---|---|---|---|
| 001 | 480876827 | ||
| 003 | DE-603 | ||
| 005 | 20260314210908.0 | ||
| 007 | cr|||||||||||| | ||
| 008 | 210630s2020 xx |||| o| u00||u|eng c | ||
| 020 | |a 9781783749225 |c (pdf) | ||
| 035 | |a (DE-599)HEB480876827 | ||
| 040 | |a DE-603 |b ger |c DE-603 |d DE-603 | ||
| 041 | |a eng | ||
| 084 | |a QC 100 |0 (DE-625)141244: |0 (DE-603)411124374 |2 rvk | ||
| 100 | 1 | |a Osborne, Martin J. |e Verfasser |4 aut | |
| 245 | 0 | 0 | |a Models in microeconomic theory |c Martin J. Osborne and Ariel Rubinstein |
| 250 | |a 'He' edition. | ||
| 264 | 1 | |a Cambridge |b Open Book Publishers |c 2020 | |
| 264 | 2 | |a Cambridge, UK |b Open Book Publishers | |
| 300 | |a 1 Online-Ressource (362 Seiten) | ||
| 336 | |a Text |b txt |2 rdacontent | ||
| 337 | |a Computermedien |b c |2 rdamedia | ||
| 338 | |a Online-Ressource |b cr |2 rdacarrier | ||
| 500 | |a "This book is available in two versions, one that uses feminine pronouns and one that uses masculine pronouns. This version uses masculine"--Back of title-page | ||
| 500 | |a A solution manual for "Models in microeconomic theory" is available to instructors. Please go to Additional Resources tab on publisher's website to request an electronic copy | ||
| 500 | |a Includes bibliography (pages 326-333) and index | ||
| 520 | |a "Models in Microeconomic Theory covers basic models in current microeconomic theory. Part I (Chapters 1-7) presents models of an economic agent, discussing abstract models of preferences, choice, and decision making under uncertainty, before turning to models of the consumer, the producer, and monopoly. Part II (Chapters 8-14) introduces the concept of equilibrium, beginning, unconventionally, with the models of the jungle and an economy with indivisible goods, and continuing with models of an exchange economy, equilibrium with rational expectations, and an economy with asymmetric information. Part III (Chapters 15-16) provides an introduction to game theory, covering strategic and extensive games and the concepts of Nash equilibrium and subgame perfect equilibrium. Part IV (Chapters 17-20) gives a taste of the topics of mechanism design, matching, the axiomatic analysis of economic systems, and social choice. The book focuses on the concepts of model and equilibrium. It states models and results precisely, and provides proofs for all results. It uses only elementary mathematics (with almost no calculus), although many of the proofs involve sustained logical arguments. It includes about 150 exercises. With its formal but accessible style, this textbook is designed for undergraduate students of microeconomics at intermediate and advanced levels."."--Publisher's website. | ||
| 650 | 7 | |a Mikroökonomie |0 (DE-588)4039225-9 |0 (DE-603)085106909 |2 gnd | |
| 650 | 7 | |a Theorie |0 (DE-588)4059787-8 |0 (DE-603)085166316 |2 gnd | |
| 700 | 1 | |a Rubinstein, Ariel |e Verfasser |4 aut | |
| 776 | 1 | |z 9781783749201 | |
| 776 | 1 | |z 9781783749218 | |
| 856 | |u https://doi.org/10.11647/OBP.0204 |x Resolving-System |z kostenfrei | ||
| 856 | 4 | 2 | |u https://cdn.openbookpublishers.com/covers/10.11647/obp.0204.jpg |3 Cover |
| 912 | |a ZDB-294-OBPA | ||
| 924 | 1 | |9 603 |a (DE-603)115986893X |b DE-603 |c HES |d d | |
| 924 | 1 | |9 603 |a (DE-603)1182364349 |b DE-603 |c HES |d d | |
| 924 | 1 | |9 603 |a (DE-603)1159868948 |b DE-603 |c HES |d d | |
| 924 | 1 | |9 603 |a (DE-603)1159868956 |b DE-603 |c HES |d d | |
| 924 | 1 | |9 603 |a (DE-603)1159868972 |b DE-603 |c HES |d d | |
| 924 | 1 | |9 603 |a (DE-603)1159868980 |b DE-603 |c HES |d d | |
| 924 | 1 | |9 603 |a (DE-603)1159868999 |b DE-603 |c HES |d d | |
| 924 | 1 | |9 603 |a (DE-603)1159869006 |b DE-603 |c HES |d d | |
| 924 | 1 | |9 603 |a (DE-603)1159869014 |b DE-603 |c HES |d d | |